00507nam a2200193 a 4500001001300000003000900013005001700022008004100039020000800080082001600088100003400104245001800138260004900156300000900205500003500214505001000249650002000259700003400279nice12345678IN_TiNIC20260116011508.0050524s1965 muza grp 000 0 urd  ac200a297.2bKAN2 aKandhilwi M, Ehteshamul Hasan aAzmat-E-Islam aMuzafar Pur U PbDarul Ishat Kandhilwic1965 a158p aincludes index and biblioraphy2 aIndex aIslam-Doctrines1 aKandhilwi M, Ehteshamul Hasan